La filmographie de Hugh Jackman - Statistiques

Statistiques générales
  • Ce quiz a été pris 49 fois
  • Le résultat moyen est 11 sur 55
Statistiques - réponses
Années Films / Séries % Correct
2000 X-men
91%
2003 X-men 2
80%
2017 Logan
78%
2017 The greatest showman
78%
2016 X-men : Apocalypse
62%
2014 X-men : Days of future past
62%
2006 Le prestige
60%
2006 X-men : L'affrontement final
53%
2011 Real Steel
49%
2013 Wolverine : Le combat de l'immortel
47%
2012 Les Misérables
44%
2011 X-men : Le commencement
42%
2013 Prisoners
40%
2009 X-men origins : Wolverine
38%
2008 Australia
33%
2015 Chappie
27%
2004 Van Helsing
27%
2018 Deadpool 2
24%
2015 Pan
18%
2021 Reminiscence
16%
2022 The son
16%
2001 Opération espadon
13%
2016 Eddie the Eagle
11%
2001 Kate et Léopold
11%
2006 Scoop
11%
2019 Bad education
9%
2021 Free Guy
7%
2014 La nuit au musée : Le secret des Pharaons
7%
1999 Oklahoma !
7%
2001 Attraction animale
4%
1995 Blue heelers
4%
1995 Correlli
4%
2006 Happy Feet
4%
1994 Law of the land
4%
2004 Making the grade
4%
2019 Missing link
4%
2013 My movie project
4%
1999 Paperback Hero
4%
2012 Rise of the guardians
4%
2018 The front runner
4%
1999 Erskineville kings
2%
2006 Flushed away
2%
1998 Halifax f.p : Afraid of the dark
2%
2011 Happy Feet 2
2%
2011 La famille Pickler
2%
2008 Manipulation
2%
2004 Profile of a serial killer
2%
2011 Snow flower and the secret fan
2%
2004 Standing room only
2%
2014 Sugarland
2%
2006 The foutain
2%
2008 Uncle Jonny
2%
2004 Van Helsing : The London Assignment
2%
1996 La sage des McHrehor
0%
2007 Viva Laughlin
0%
Aucun quiz correspondant
Distribution des résultats
% des personnes avec chaque résultat
Percentile par nombre de réponses
Votre historique - résultats
Vous n’avez pas pris ce quiz